| 000 | 00471nam a2200205Ia 4500 | ||
|---|---|---|---|
| 008 | 210210b1963 xxu||||| |||| 00| 0 eng d | ||
| 041 | _aeng | ||
| 082 | _a826/252 | ||
| 100 | _aSTEWART (J I M) | ||
| 245 | _aEight modern writers Vol 12 | ||
| 260 |
_aOxford _bAt the Clarendon Press _c1963 |
||
| 440 | _aXII | ||
| 650 | _awriters | ||
| 650 | _aVol | ||
| 650 | _amodern | ||
| 650 | _aEight | ||
| 650 | _a12 | ||
| 690 | _aHistory of Literature | ||
| 906 | _a015800 | ||
| 999 |
_c135190 _d135190 |
||